Estabilidad en el empleo
Saved in:
| Hovedforfatter: | |
|---|---|
| Format: | Bog |
| Sprog: | spansk |
| Udgivet: |
Madrid
Trotta
2004
|
| Serier: | Colección Estructuras y Procesos. Serie Derecho
|
| Fag: | |
| Tags: |
Tilføj Tag
Ingen Tags, Vær først til at tagge denne postø!
|
MARC
| LEADER | 00000nam a2200000 a 4500 | ||
|---|---|---|---|
| 001 | UCK4188 | ||
| 003 | CL-VaPUC | ||
| 008 | 050527e20040000SP |||||||||||||||||spa|d | ||
| 020 | |a 8481647012 | ||
| 082 | 0 | 4 | |a 344.01 |b PER |2 21 |
| 100 | 0 | |a Pérez Rey, Joaquín |e author |9 492658 | |
| 245 | 1 | 0 | |a Estabilidad en el empleo |
| 300 | |a 149 p | ||
| 942 | |c BK | ||
| 945 | |d 20050527 00:00:00 |a cmena | ||
| 260 | |a Madrid |b Trotta |c 2004 | ||
| 650 | 7 | |a DERECHO LABORAL |2 CL-VaPUC |9 15 | |
| 650 | 0 | |a Mercado laboral |9 375911 | |
| 650 | 7 | |a ESTABILIDAD LABORAL |2 CL-VaPUC |9 256778 | |
| 650 | 0 | |a Relaciones laborales |9 335971 | |
| 650 | 0 | |a Trabajo y empleo |9 315054 | |
| 583 | |a last modification |c 20050527 00:00:00 |k Rodrigo Vera | ||
| 490 | 0 | |a Colección Estructuras y Procesos. Serie Derecho | |
| 999 | |c 313135 |d 313133 | ||
| 952 | |0 0 |1 0 |4 0 |6 344_010000000000000_PER_2004 |7 0 |8 A |9 384231 |a BIBDER |b BIBDER |d 2019-11-22 |i 413141K |l 1 |o 344.01 PER 2004 |p 413141K |r 2023-01-25 |s 2021-11-15 |w 2019-11-22 |y BK |k DER | ||